Вып. 3 (89); Электронная техника. Сер. 8 : Управление качеством, стандартизация, метрология, испытания

Detaylı Bibliyografya
Parent link:Электронная техника. Сер. 8 : Управление качеством, стандартизация, метрология, испытания: научно-технический сборник. Вып. 3 (89).— , 1981-1985, 1989-1991
Dil:Rusça
Baskı/Yayın Bilgisi: 1981
Materyal Türü: Kitap
KOHA link:https://koha.lib.tpu.ru/cgi-bin/koha/opac-detail.pl?biblionumber=542243

MARC

LEADER 00000nam2a2200000 4500
001 542243
005 20231101115002.0
035 |a (RuTPU)RU\TPU\prd\232667 
035 |a RU\TPU\prd\232666 
090 |a 542243 
100 |a 20150306b1981 k y0rusy50 ca 
101 0 |a rus 
102 |a RU 
200 0 |a Вып. 3 (89) 
210 |d 1981 
461 1 |0 (RuTPU)RU\TPU\prd\75151  |t Электронная техника. Сер. 8 : Управление качеством, стандартизация, метрология, испытания  |o научно-технический сборник  |v Вып. 3 (89)  |d 1981-1985, 1989-1991 
801 0 |a RU  |b 63413507  |c 20010227  |g PSBO 
801 1 |a RU  |b 63413507  |c 20150205 
801 2 |a RU  |b 63413507  |c 20180427  |g RCR 
942 |c BK 
999 |a НТБ_ТПУ  |b НФ  |e -4/20150112  |p П-7604  |u 0,00  |v 1